000 00757nam a22002297a 4500
005 20250203121300.0
008 250203b |||||||| |||| 00| 0 eng d
020 _a978-81-874281-8-0 (hbk)
037 _cTB
040 _aAL
_cAL
041 _2eng
_aeng
084 _aY:1.277H R5
_qAL
100 _aMitri, Marco
_9734939
245 _aMegalithi culture of khasi - jaintia hills:
_bAn ethno - Archaeological perspective
260 _aNew Delhi, India:
_bResearch India Press,
_c2025
300 _axii, 142p.
365 _b2750.00
_cINR
650 _aSociology
650 _aCulture
942 _2CC
_cTB
_hY:1.277H R5
_n0
999 _c1238338
_d1238338